00771nam a22001934a 450000500170000000800410001702000260005803700210008404000180010508200060012310000340012924500690016326000340023230000320026649000220029850000290032052002110034970000170056020091211153011.0020917s2003 nyua b 000 1 eng  a9780375846687c100.00 bBlueberry Books  adplbEnglish  aS aGreenburg, J. C.q(Judith C.) aWith the frogs /cby J.C. Greenburg ; illustrated by Jan Gerardi aNew York bRandom Housec2008 a86 p. :bill. c20 cm(pbk)  aAndrew lost ;v18 a"A stepping stone book." aAndrew, his cousin Judy, and Thudd the robot, having been shrunk by a shrinking machine, encounter many terrifying creatures, including Mrs. Scuttle, as they try to reach the Atom Sucker before it explodes. aGerardi, Jan